Statistics for Countries Without a US Embassy

Click here to take the quiz!

General Stats

  • This quiz has been taken 48 times
  • The average score is 7 of 9

Answer Stats

Embassy Used InsteadCountry% Correct
ChinaNorth Korea
89%
BarbadosSaint Kitts and Nevis
86%
BarbadosGrenada
84%
BarbadosSaint Vincent and the Grenadines
82%
BarbadosAntigua and Barbuda
80%
BarbadosSaint Lucia
80%
BarbadosDominica
77%
Austria, Germany, Italy, Turkey, United Arab EmiratesIran
73%
SenegalGuinea-Bissau
68%

Score Distribution

Percentile by Number Answered

Percent of People with Each Score

Your Score History

You have not taken this quiz